| 000 | 00434nam a22001697a 4500 | ||
|---|---|---|---|
| 003 | MPLRDC | ||
| 005 | 20220104124654.0 | ||
| 008 | 210129b ||||| |||| 00| 0 eng d | ||
| 020 | _a957-626-137-6 | ||
| 082 | _a857.46 HSGH v.1 | ||
| 100 | _a横山光辉 | ||
| 245 |
_a水浒传. 第一部 _c |
||
| 260 |
_a _b故乡出版公司 _c1992 |
||
| 300 | _b平 | ||
| 650 | _a话本小说及章回--水浒传 | ||
| 942 |
_cBK _o857.46 HSGH v.1 |
||
| 999 |
_c21221 _d21211 |
||